Anatomie d'un fleuve # la Seine - Statistiques

Statistiques générales
  • Ce quiz a été pris 111 fois
  • Le résultat moyen est 14 sur 25
Statistiques - réponses
Question Réponse % Correct
Affluent le plus long Marne
86%
Citez une des deux îles de la Seine à Paris Île Saint-Louis | Île de la Cité
84%
Etendue d'eau dans laquelle se jette la Seine la Manche
81%
Nom du plus vieux pont de Paris le Pont {Neuf}
81%
Nombre de départements traversés par la Seine 13
79%
C'est à Rouen qu'a été condamné puis brûlé ce personnage de la Guerre de Cent Ans Jeanne d'Arc
79%
Port majeur à l'embouchure de la Seine, entièrement détruit en 1944 et reconstruite par l'architecte Auguste Perret Le Havre
78%
Envahisseurs scandinaves ayant remonté la Seine avec leurs bateaux Vikings
78%
La Seine fut l'un des sujets de prédilection de ce peintre fondateur de l'impressionnisme Claude Monet
69%
Nom du maire de Paris qui voulait dépolluer la Seine pour pouvoir s'y baigner Jacques Chirac
64%
Ville de Champagne réputée pour ses andouillettes, sa bonneterie mais pas sa guerre ! Troyes
64%
Département où la Seine prend sa source Côte d'Or
63%
Citez l'un des trois ponts qui enjambent la Seine après Rouen Brotonne | Tancarville | Normandie
61%
Ville du Calvados qui lui fait face Honfleur
60%
Site naturel Plateau de {Langres}
53%
Important massif boisé traversé par la Seine près de la ville précédente Forêt de Fontainebleau
49%
Comme Meaux, cette ville a son brie... et aussi son melon, d'après Fernand Raynaud ! Melun
48%
Commerce typique des bords de Seine à Paris Bouquiniste
43%
Nom donné aux sinuosités du cours de la Seine en aval de Paris Méandres
34%
Prénom de la fille de Victor Hugo qui s'est noyée dans la Seine à Villequier Léopoldine
31%
Pont de Paris où sont mesurées les crues de la Seine Pont d' {Austerlitz}
31%
Forteresse bâtie pour "verrouiller" la Seine, ses vestiges se situent près des Andelys. Elle servit notamment de prison lors de l'affaire de la Tour de Nesles Château-Gaillard
25%
Nom de la structure géologique dans laquelle coule la Seine Le Bassin Parisien
24%
Citez l'un des deux lacs créés dans les années 1960 et 1970 pour réguler son débit Lac de la Forêt d'Orient | Lac du Der-Chantecoq
19%
Maire de Rouen pendant 24 ans, et accessoirement ministre de Giscard d'Estaing Jean Lecanuet
8%
Aucun quiz correspondant
Distribution des résultats
% des personnes avec chaque résultat
Percentile par nombre de réponses
Votre historique - résultats
Vous n’avez pas pris ce quiz